00752nam a22002057a 450000500170000001000150001702000260003203500140005803700090007208200130008110000260009424500770012025000060019726000350020327000880023830000200032694200240034699900190037095201570038920260428123321.0 aENG-147648 a9789355292995c495.00 aEN-131180 bDBAD a235.421 aKuppuswamy, B.989000 aThe Substance of Yogavasishtha:bA Sufi World Initiative/cB. Kuppuswamy a1 aNew DelhibAuthors Pressc2022 aQ-2A Hauz Khas Enclave bNew Delhie110016k9818049852mauthorspressgroup@gmail.com a290p.c22cm(pb) 2ddccENh235.4mKUP c216013d216013 001040708NFICaZLSbZLSd2026-04-28eDelivery of Books Act Divisiong495.00l0o235.4 KUPpEN-131180r2026-04-28 12:34:01t1 v495.00w2026-04-28yEN